| 000 | 01750nam2a22002771 4500 | ||
|---|---|---|---|
| 001 | v19\rc\1591217 | ||
| 005 | 20250618214419.0 | ||
| 035 | _a(NLR Aleph) 004715765 | ||
| 090 |
_a4263127 _c4263127 |
||
| 100 | _a20061002d1897 |||y0rusy50 ca | ||
| 101 | 0 | _arus | |
| 102 | _aRU | ||
| 105 | _ay z ||||| | ||
| 200 | 0 |
_aВып. 3 и 4 _eИюль, август, сентябрь, октябрь, ноябрь и декабрь |
|
| 210 |
_d1897 _aБ. м. |
||
| 215 | _a[4], 240 с. | ||
| 461 | 0 |
_1001v19\rc\1591214 _12001#$aМесяцеслов и Триодион православной церкви$e(Жития всех святых, праздники, посты и прочие дни церк. года, с присоединением тропарей, кондаков и некоторых др. церк. песнопений и молитвословий). Вып. 1-5$fС. Булгаков$vВып. 3 и 4 _1700#1$aБулгаков$bС.В.$f1859-$gСергей Васильевич _94263090 _aБулгаков, С.В. (1859-) _cХарьков _d1895-1898 _fС. Булгаков _nтип. Губ. правл. _o(Жития всех святых, праздники, посты и прочие дни церк. года, с присоединением тропарей, кондаков и некоторых др. церк. песнопений и молитвословий). Вып. 1-5 _p4 т. _tМесяцеслов и Триодион православной церкви _vВып. 3 и 4 |
|
| 801 | 0 |
_aRU _bNLR _gpsbo |
|
| 801 | 0 |
_aRU _bRuMoRGB _2psbo |
|
| 801 | 1 |
_aRU _bProSoft-M _2rusmarc |
|
| 852 |
_aNLR _j18.214.4.16(3-4) |
||
| 852 |
_aNLR _j18.214.4.16 |
||
| 899 |
_aRuMoRGB _jA 243/383 |
||
| 899 | _aГПИБ | ||
| 942 | _cBOOK | ||
| 980 | _aNB | ||